Desde lejos para siempre

Salvato in:
Dettagli Bibliografici
Autore principale: Mihovilovic, Nicolas (autor)
Natura: Libro
Lingua:spagnolo
Pubblicazione: Santiago La Noria 1985
Soggetti:
Tags: Aggiungi Tag
Nessun Tag, puoi essere il primo ad aggiungerne!!

MARC

LEADER 00000nam a2200000 a 4500
001 UCX5240
003 CL-VaPUC
008 921009e19850000CL |||||||||||||||||spa|d
082 0 4 |a Ch863  |b MIH  |2 21 
100 |a Mihovilovic, Nicolas  |e autor  |9 321509 
245 1 0 |a Desde lejos para siempre 
300 |a 196 p 
942 |c BK 
945 |d 19921009 00:00:00 
260 |a Santiago  |b La Noria  |c 1985 
650 0 |a Novelas chilenas   |9 265425 
583 |a last modification  |c 19921009 00:00:00  |k Rodrigo Vera 
999 |c 225536  |d 225534 
952 |0 0  |1 0  |4 0  |6 CH_863_000000000000000_MIH_1985  |7 0  |8 A  |9 223128  |a BIBEDU  |b BIBEDU  |d 2019-11-15  |i 2919702  |o Ch863 MIH 1985  |p 2919702  |r 2019-11-15  |w 2019-11-15  |y BK  |k LIT 
952 |0 0  |1 0  |4 0  |6 CH_863_000000000000000_MIH_1985  |7 0  |8 A  |9 223129  |a BIBEDU  |b BIBEDU  |d 2019-11-15  |i 2919710  |o Ch863 MIH 1985  |p 2919710  |r 2019-11-15  |w 2019-11-15  |y BK  |k LIT